000 00272nam a2200109Ia 4500
008 201216s9999 xx 000 0 und d
100 _aMartin, James
245 3 _aAn Information Systems Manifesto
260 _aEnglewood Cliffs
_bPrentice Hall
300 _a300
942 _cBK
999 _c6454
_d6454